Κατάλογος Βιβλιοθηκών Mediterranean College

Η Διαδικασία Διαδοχής στις Οικογενειακές Επιχειρήσεις / Δεν Υπάρχει Επιτυχία Χωρίς μια Καλή Διαδοχή: Β' Έκδοση (Record no. 9725)

MARC details
000 -LEADER
fixed length control field 02666cam a22002054a 4500
005 - ΗΜΕΡΟΜΗΝΙΑ ΚΑΙ ΩΡΑ ΤΕΛΕΥΤΑΙΑΣ ΕΝΗΜΕΡΩΣΗΣ
Πεδίο ελέγχου 20250605164408.0
008 - FIXED-LENGTH DATA ELEMENTS--GENERAL INFORMATION
Πεδίο ελέγχου σταθερού μήκους 250528s ||||||||||||||||||||||||d
035 ## - SYSTEM CONTROL NUMBER
System control number 24890
020 ## - ISBN
ISBN 9789609490238
040 ## - ΠΗΓΗ ΚΑΤΑΛΟΓΟΓΡΑΦΗΣΗΣ
Φορέας πρωτότυπης καταλογογράφησης MC Athens Campus Library
Γλώσσα καταλογογράφησης Ελληνικά, Μοντέρνα (1453-)
Modifying agency MC Athens Campus Library
Κανόνες περιγραφικής καταλογογράφησης AACR2
245 1# - ΤΙΤΛΟΣ ΚΑΙ ΔΗΛΩΣΗ ΥΠΕΥΘΥΝΟΤΗΤΑΣ
Τίτλος Η Διαδικασία Διαδοχής στις Οικογενειακές Επιχειρήσεις / Δεν Υπάρχει Επιτυχία Χωρίς μια Καλή Διαδοχή: Β' Έκδοση
260 ## - PUBLICATION, DISTRIBUTION, ETC.
Name of publisher, distributor, etc. Economia Publishing,
Date of publication, distribution, etc. 2013
300 ## - PHYSICAL DESCRIPTION
Extent 224
520 ## - SUMMARY, ETC.
Summary, etc. Ευχαριστίες, Πρόλογος, Εισαγωγή, Βασικές Αρχές Διαχείρισης, Από την Πλάνη της Εσωστρέφειας στην Ευφυϊα της Συνύφανσης, Ο Μανάβης της Λαϊκής και ο CEO μιας Μεγάλης Επιχείρησης, Ο Γενικός Διευθυντής της Μεγάλης Επιχείρησης: Το Επιχειρησικό Δαιμόνιο, Ο Γενικός Διευθυντής της Μεγάλης Επιχείρησης: Το Ανθρώπινο Δαιμόνιο, Ο Γενικός Διευθυντής της Μεγάλης Επιχείρησης: Το Επενδυτικό Δαιμόνιο, Το Χρυσό και το Ασημένιο Τρίγωνο, Το Θέμα της Διαδοχής ή η Μεταλαμπάδευση, Η Προετοιμασία για τη Διαδικασία της Διαδοχής, Βασικές Αρχές της Διαδικασίας Διαδοχής, Το Εγχειρίδιο του Παρόχου, Απαραίτητες Γνώσεις και Ενέργειες για την Επιλογή του Διαδόχου σε μια Οικογενειακή Επιχείρηση, Η Απόφαση για τη Διαδοχή Είναι Συλλογική, Πρακτικός Οδηγός Παρέμβασης στη Διαδικασία Διαδοχής, Η Διαδικασία της Διαδοχής Οικογενειακών Επιχειρήσεων: Τελική Φάση, Επίλογος, Παραρτήματα, Η Ανταγωνιστικότητα της Ελλάδας, Μερικές Βασικές Έννοιες για το Χρηματιστήριο και το Επενδυτικό Κεφάλαιο, Η Επένδυση στην Επιχείρηση, Το Θέμα της Διαδοχής στην Ε. Ε., Μελέτες Περιπτώσεων, Βιβλιογραφία, Ευρετήριο.
700 1# - ΠΡΟΣΘΕΤΗ ΑΝΑΓΡΑΦΗ--ΦΥΣΙΚΟ ΠΡΟΣΩΠΟ
Personal name Γεωργίου Χρήστος Ε
9 (RLIN) 9637
700 1# - ΠΡΟΣΘΕΤΗ ΑΝΑΓΡΑΦΗ--ΦΥΣΙΚΟ ΠΡΟΣΩΠΟ
Personal name Κεφαλας Αστεριος Γ
9 (RLIN) 470
942 ## - ADDED ENTRY ELEMENTS (KOHA)
Koha item type Books
Holdings
Τύπος τεκμηρίου Βιβλιοθήκη Τρέχουσα τοποθεσία Barcode Αριθμός εισαγωγής Ημερομηνία απόκτησης Ταξιθετικό σύμβολο Αριθμός αντιτύπου Κατάσταση απόσυρσης Κατάσταση χαμένου Κατάσταση κατεστραμμένου Μη δανεισμός Σύνολο δανεισμών Ημερομηνία τελευταίας εμφάνισης Η τιμή ισχύει από
Books MC Athens Campus Library MC Athens Campus Library 9780000097248 7829 05/06/2025 330.1 KEF 1           05/06/2025 05/06/2025

MC Athens Campus Library
Πατησίων 94 & Κοδριγκτώνος 13, 104 34
Πελλήνης 8 & Πατησίων 107, 112 51
Τ: +30 210 8899600

MC Thessaloniki Campus Library
Ίωνος Δραγούμη 21, 54625 | Ίωνος Δραγούμη 15, 54625
Τ: +30 2310 287779 – Τ: +30 2314 440300